Применение BaBrF42 для синтеза бромалканов; Физико-технические проблемы в науке, промышленности и медицине

Dades bibliogràfiques
Parent link:Физико-технические проблемы в науке, промышленности и медицине.— 2015.— [С. 197-198]
Autor corporatiu: Национальный исследовательский Томский политехнический университет (ТПУ) Физико-технический институт (ФТИ) Кафедра химической технологии редких, рассеянных и радиоактивных элементов (№ 43) (ХТРЭ)
Altres autors: Соболев В. И. Василий Игоревич, Оствальд Р. В. Роман Вячеславович, Соболев И. А., Жерин И. И. Иван Игнатьевич, Шагалов В. В. Владимир Владимирович
Sumari:Заглавие с титульного экрана
Idioma:rus
Publicat: 2015
Col·lecció:Физико-химические и изотопные технологии в науке, промышленности и медицине
Matèries:
Accés en línia:http://earchive.tpu.ru/handle/11683/17427
http://www.lib.tpu.ru/fulltext/c/2015/C49/166.pdf
Format: MixedMaterials Electrònic Capítol de llibre
KOHA link:https://koha.lib.tpu.ru/cgi-bin/koha/opac-detail.pl?biblionumber=612748

MARC

LEADER 00000naa2a2200000 4500
001 612748
005 20250826143334.0
035 |a (RuTPU)RU\TPU\conf\10879 
035 |a RU\TPU\conf\10878 
090 |a 612748 
100 |a 20150625d2015 k y0rusy50 ca 
101 0 |a rus 
102 |a RU 
135 |a drgn ---uucaa 
181 0 |a i  
182 0 |a b 
200 1 |a Применение BaBrF42 для синтеза бромалканов  |f В. И. Соболев, Р. В. Оствальд, И. А. Соболев [и др.] 
203 |a Текст  |c электронный 
225 1 |a Физико-химические и изотопные технологии в науке, промышленности и медицине 
300 |a Заглавие с титульного экрана 
320 |a [Библиогр.: с. 198 (5 назв.)] 
337 |a Adobe Reader 
463 0 |0 (RuTPU)RU\TPU\conf\10637  |t Физико-технические проблемы в науке, промышленности и медицине  |o сборник тезисов докладов VII Международной научно-практической конференции, г. Томск, 3-6 июня 2015 г.  |f Национальный исследовательский Томский политехнический университет (ТПУ) ; под ред. А. Н. Дьяченко [и др.]  |v [С. 197-198]  |d 2015 
610 1 |a труды учёных ТПУ 
610 1 |a электронный ресурс 
610 1 |a бромалканы 
610 1 |a тетрафторобромат бария 
610 1 |a органические соединения 
610 1 |a предельные углеводороды 
701 1 |a Соболев  |b В. И.  |c химик-технолог  |c инженер-проектировщик Томского политехнического университета  |f 1989-  |g Василий Игоревич  |3 (RuTPU)RU\TPU\pers\30113  |9 14519 
701 1 |a Оствальд  |b Р. В.  |c химик-технолог  |c доцент Томского политехнического университета, кандидат химических наук  |f 1980-  |g Роман Вячеславович  |3 (RuTPU)RU\TPU\pers\25864  |9 11732 
701 1 |a Соболев  |b И. А. 
701 1 |a Жерин  |b И. И.  |c российский химик  |c профессор Томского политехнического университета, доктор химических наук  |f 1955-  |g Иван Игнатьевич  |3 (RuTPU)RU\TPU\pers\25854  |9 11723 
701 1 |a Шагалов  |b В. В.  |c химик  |c доцент Томского политехнического университета, кандидат химических наук  |f 1982-  |g Владимир Владимирович  |3 (RuTPU)RU\TPU\pers\25867  |9 11735 
712 0 2 |a Национальный исследовательский Томский политехнический университет (ТПУ)  |b Физико-технический институт (ФТИ)  |b Кафедра химической технологии редких, рассеянных и радиоактивных элементов (№ 43) (ХТРЭ)  |3 (RuTPU)RU\TPU\col\18733 
801 2 |a RU  |b 63413507  |c 20210210  |g RCR 
856 4 |u http://earchive.tpu.ru/handle/11683/17427 
856 4 |u http://www.lib.tpu.ru/fulltext/c/2015/C49/166.pdf 
942 |c CF